000 00560nam a22001817a 4500
005 20240830130852.0
008 240830b |||||||| |||| 00| 0 eng d
020 _a0702127817
041 _aEnglish/Afrikaans/Latyn
082 _a340.03
100 _lEnglish/Afrikaans/Latin
245 _aTrilingual Lega Dictionary /
_cV.G Hiemstra and H.L Gonin
250 _aThird Edition
260 _aCape Town:
_bJuta and Company Ltd,
_c1992
300 _bxvi, 498 pages;
_c26 cm.
650 _aLegal practice
_bLaw
942 _cBK
_6ALISON_BN_VRIES
999 _c2969
_d2969